Az online foglalás rendszere a The Three Corners Lifestyle Hotel példáján keresztül
| Szerző: | |
|---|---|
| További közreműködők: | |
| Dokumentumtípus: | Projektmunka |
| Kulcsszavak: | Online foglalás online utazási iroda weboldalas booking |
| Online Access: | http://dolgozattar.uni-bge.hu/16763 |
MARC
| LEADER | 00000nnm a2200000 i 4500 | ||
|---|---|---|---|
| 001 | dolg16763 | ||
| 005 | 20180925151428.0 | ||
| 008 | 180517suuuu hu o 000 hun d | ||
| 040 | |a BGE Dolgozattár Repozitórium |b hun | ||
| 041 | |a hu | ||
| 100 | 1 | |a Czabaday Vivien | |
| 245 | 1 | 3 | |a Az online foglalás rendszere a The Three Corners Lifestyle Hotel példáján keresztül |c Czabaday Vivien |h [elektronikus dokumentum] |
| 516 | |a Project_work | ||
| 695 | |a Online foglalás | ||
| 695 | |a online | ||
| 695 | |a utazási iroda | ||
| 695 | |a weboldalas booking | ||
| 700 | 1 | |a Sipos Erika |e ths | |
| 856 | 4 | 0 | |u http://dolgozattar.uni-bge.hu/16763/1/Czabaday%20Vivien%20-%20projektmunka%202018.pdf |z Dokumentum-elérés |